000 02697nam0a2200409 4500
001 RU\NLR\BIBL_A\022087846
005 20260409073654.0
010 _a978-5-17-157868-8
_93000
021 _aRU
_b2023-69658
_9КН-П-7065
035 _a(RuMoRGB)012275664
035 _a(NLR Aleph) 022087846
090 _a12707912
_c12707912
100 _a20231204d2023 |||y0rusy50 ca
101 0 _arus
102 _aRU
105 _aa z 000yy
181 0 _ai
_baxxe
182 0 _an
200 1 _aМиллион на маркетплейсах. Продано!
_e[путь селлера]
_fП. Н. Шевченко
203 _aТекст
_bвизуальный
_cнепосредственный
210 _aМосква
_cАСТ
_d2023
215 _a202, [1] с.
_cил.
_d22
225 1 _aДелай дело
300 _aАвт. указан на обороте тит. с. в макете
300 _aКн. содерж. QR-коды ссылок на доп. информ.
320 _aБиблиогр. в подстроч. примеч.
330 _aВ книге ты найдешь не просто рассказы теоретиков. "Миллион на маркетплейсах. Продано!" - это концентрат из знаний и опыта сильного действующего игрока, реальных кейсов и секретов игроков рынка. А еще это твоя первая ступень к построению собственного бизнеса на маркетплейсах. Да, времена и возможности меняются. Но, изучив мою стратегию всего раз, ты всегда сможешь воспроизвести такой же динамичный и классный старт. В том числе прямо сейчас. Как правильно выбирать товар, который будет продаваться. Рабочие стратегии вывода товара в ТОП. Секреты создания идеально продающей карточки товара. Как работать над показателями LTV
333 _a16+
606 _aЭлектронная коммерция
_jПопулярные издания
_3RU\NLR\AUTH\661265484
_92090784
675 _a339.138
_v4
686 1 _aУ42(2)1(2Р)в612я9
700 1 _7ca
_8rus
_aШевченко
_bП. Н.
_cмаркетолог
_gПавел Николаевич
_9264161
_3RU\NLR\AUTH\770264217
942 _cBOOK
980 _aNB